Truyện ngắn hay 2003

Αποθηκεύτηκε σε:
Λεπτομέρειες βιβλιογραφικής εγγραφής
Μορφή: Βιβλίο
Γλώσσα:Undetermined
Έκδοση: Thanh Hóa Nhà xuất bảnThanh Hóa 2003
Θέματα:
Ετικέτες: Προσθήκη ετικέτας
Δεν υπάρχουν, Καταχωρήστε ετικέτα πρώτοι!
Thư viện lưu trữ: Trung tâm Học liệu Trường Đại học Cần Thơ
LEADER 00466nam a2200169Ia 4500
001 CTU_60536
008 210402s9999 xx 000 0 und d
020 |c 40000 
082 |a 895.922301 
082 |b Tr527 
245 0 |a Truyện ngắn hay 2003 
260 |a Thanh Hóa 
260 |b Nhà xuất bảnThanh Hóa 
260 |c 2003 
650 |a Short stories, vietnamese 
904 |i Minh,Hải 
980 |a Trung tâm Học liệu Trường Đại học Cần Thơ